[Event "Montcalm II 2000-01"]
[Site "Quebec CAN"]
[Date "2000.10.19"]
[Round "1"]
[White "Plante, Bernard"]
[Black "Gratton, Charles"]
[Result "0-1"]
[WhiteElo "1359"]
[BlackElo "1234"]
[PlyCount "72"]
[GameId "2160767911635841"]
[EventDate "2000.10.19"]
[EventType "swiss"]
[EventRounds "5"]
[EventCountry "CAN"]

1. e4 c6 2. d4 d5 3. Nc3 h6 4. Nf3 e6 5. e5 Bb4 6. Bd2 b5 7. a3 Ba5 8. a4 a6 9. Bd3 Bb7 10. axb5 cxb5 11. Nxb5 axb5 12. b4 Nc6 13. bxa5 Nxa5 14. O-O Ne7 15. Qb1 Nc4 16. Bxc4 dxc4 17. Rxa8 Qxa8 18. Bb4 Bc6 19. Qa1 Qb7 20. Qa3 Nd5 21. Bc5 Kd7 22. Bf8 b4 23. Bxb4 Nxb4 24. Rb1 Ra8 25. Qb2 Be4 26. Qc3 Bd5 27. h3 Ra4 28. Qd2 Bxf3 29. gxf3 Kc6 30. c3 Ra2 31. Rb2 Rxb2 32. Qxb2 Nd3 33. Qc2 Qb3 34. Qd2 Qb1+ 35. Kg2 Ne1+ 36. Kg3 Qg6+ 0-1

[Event "Montcalm II 2000-01"]
[Site "Quebec CAN"]
[Date "2000.10.19"]
[Round "1"]
[White "Provost, Andre"]
[Black "Bourassa, Andre"]
[Result "0-1"]
[WhiteElo "1632"]
[BlackElo "1580"]
[PlyCount "62"]
[GameId "2160767911635842"]
[EventDate "2000.10.19"]
[EventType "swiss"]
[EventRounds "5"]
[EventCountry "CAN"]
[SourceTitle "EXT 2009"]
[Source "ChessBase"]
[SourceDate "2008.11.26"]
[SourceVersion "1"]
[SourceVersionDate "2008.11.26"]
[SourceQuality "1"]

1. e4 c5 2. Nf3 d6 3. d4 cxd4 4. Nxd4 a6 5. Nc3 Nf6 6. Bg5 e5 7. Nb3 Be6 8. Nd5 Nbd7 9. Be2 Be7 10. Nxe7 Qxe7 11. Na5 Nc5 12. f3 Qc7 13. Nc4 Nfxe4 14. fxe4 Nxe4 15. Be3 Bxc4 16. Bxc4 Qxc4 17. Qd3 Qxd3 18. cxd3 Nc5 19. Kd2 Ne6 20. Rac1 Kd7 21. Rhf1 f6 22. g4 Rac8 23. h4 Rxc1 24. Kxc1 d5 25. g5 Ke7 26. gxf6+ gxf6 27. Rg1 Kf7 28. Rf1 Rg8 29. Rg1 Rxg1+ 30. Bxg1 Kg6 31. Kc2 Nf4 0-1

[Event "Montcalm II 2000-01"]
[Site "Quebec CAN"]
[Date "2000.10.19"]
[Round "1"]
[White "Sauve, Richard"]
[Black "Caire, Francois"]
[Result "1/2-1/2"]
[WhiteElo "1848"]
[BlackElo "1910"]
[PlyCount "66"]
[GameId "2160767911635843"]
[EventDate "2000.10.19"]
[EventType "swiss"]
[EventRounds "5"]
[EventCountry "CAN"]

1. d4 Nf6 2. c4 e6 3. Nc3 Bb4 4. e3 b6 5. Nge2 Ba6 6. a3 Be7 7. Nf4 d5 8. cxd5 Bxf1 9. Kxf1 exd5 10. g3 O-O 11. b4 a6 12. Kg2 c6 13. Bd2 Nbd7 14. Qe2 b5 15. Nd3 Bd6 16. Nc5 Re8 17. Nxd7 Nxd7 18. Nd1 Nb6 19. Nb2 f5 20. Nd3 Qf6 21. Qf3 Nc4 22. Bc3 g6 23. h4 a5 24. Rhc1 Qe7 25. Nc5 h5 26. Qd1 Qc7 27. Qf3 Ra7 28. Kh3 Rea8 29. Qd1 axb4 30. axb4 Rxa1 31. Rxa1 Qc8 32. Kg2 Kf7 33. Qc1 Nb6 1/2-1/2

[Event "Montcalm II 2000-01"]
[Site "Quebec CAN"]
[Date "2000.10.26"]
[Round "2"]
[White "Auger, Bertrand"]
[Black "Drolet, Stephane"]
[Result "1/2-1/2"]
[WhiteElo "1935"]
[BlackElo "1969"]
[PlyCount "50"]
[GameId "2160767911635844"]
[EventDate "2000.10.19"]
[EventType "swiss"]
[EventRounds "5"]
[EventCountry "CAN"]

1. b3 d5 2. Nf3 Bg4 3. g3 Nd7 4. Bb2 Ngf6 5. Bg2 e6 6. d3 Be7 7. Nbd2 O-O 8. O-O c5 9. c4 a5 10. cxd5 exd5 11. d4 b6 12. Ne5 Bf5 13. Nc6 Qe8 14. Nxe7+ Qxe7 15. a4 Rfe8 16. Re1 Ne4 17. Nxe4 dxe4 18. e3 Rad8 19. Qe2 cxd4 20. Qb5 Qc5 21. Bxd4 Qxb5 22. axb5 Rc8 23. Rec1 Be6 24. Bxe4 Bxb3 25. Bf5 Be6 1/2-1/2

[Event "Montcalm II 2000-01"]
[Site "Quebec CAN"]
[Date "2000.10.26"]
[Round "2"]
[White "Beauchemin, Pierre"]
[Black "Guimont, Claude"]
[Result "1-0"]
[WhiteElo "1648"]
[BlackElo "1527"]
[PlyCount "55"]
[GameId "2160767911635845"]
[EventDate "2000.10.19"]
[EventType "swiss"]
[EventRounds "5"]
[EventCountry "CAN"]

1. d4 d5 2. c4 c6 3. Nf3 Nf6 4. cxd5 cxd5 5. Nc3 Bf5 6. Qb3 b6 7. Ne5 e6 8. Bg5 Be7 9. Qb5+ Nbd7 10. Nc6 Qc7 11. Nxe7 Kxe7 12. Rc1 Qd6 13. e4 Bxe4 14. Nxe4 dxe4 15. Bc4 a6 16. Qb3 b5 17. Be2 Rhc8 18. O-O Qd5 19. Qg3 Qxa2 20. d5 exd5 21. Bg4 Rxc1 22. Rxc1 Qxb2 23. Bxd7 Kxd7 24. Qc7+ Ke6 25. Rc6+ Kf5 26. Qf4+ Kg6 27. g4 h6 28. Qf5# 1-0

[Event "Montcalm II 2000-01"]
[Site "Quebec CAN"]
[Date "2000.10.26"]
[Round "2"]
[White "Bisson, Real"]
[Black "Gagnon, Alain"]
[Result "1-0"]
[WhiteElo "1581"]
[BlackElo "1496"]
[PlyCount "79"]
[GameId "2160767911635846"]
[EventDate "2000.10.19"]
[EventType "swiss"]
[EventRounds "5"]
[EventCountry "CAN"]

1. e4 c5 2. Nf3 d6 3. d4 cxd4 4. Qxd4 Nc6 5. Bb5 Bd7 6. Bxc6 Bxc6 7. Nc3 Qc7 8. Be3 e5 9. Qc4 Qd7 10. O-O-O f6 11. h3 Ne7 12. Rd2 b5 13. Qb3 Rd8 14. Rhd1 Nc8 15. Nd5 Qb7 16. Nh4 Bxd5 17. Rxd5 g6 18. Rxb5 Qxe4 19. Rb4 Qc6 20. Qe6+ Be7 21. Rd3 Qd7 22. Qd5 f5 23. Rb7 Qa4 24. Nf3 Qe4 25. Qb5+ Kf8 26. Bh6+ Kg8 27. Qb3+ d5 28. Re3 Qc4 29. Qxc4 dxc4 30. Nxe5 Bf8 31. Bg5 Nd6 32. Rxa7 Re8 33. Nxc4 Rxe3 34. Nxe3 Ne4 35. Bf4 h6 36. f3 Nc5 37. Nd5 Bg7 38. Bd6 Ne6 39. c4 Kh7 40. Nf6# 1-0

[Event "Montcalm II 2000-01"]
[Site "Quebec CAN"]
[Date "2000.10.26"]
[Round "2"]
[White "Boudreau, Daniel"]
[Black "Angers, Gilles"]
[Result "1-0"]
[WhiteElo "2060"]
[BlackElo "1975"]
[PlyCount "55"]
[GameId "2160767911635847"]
[EventDate "2000.10.19"]
[EventType "swiss"]
[EventRounds "5"]
[EventCountry "CAN"]

1. e4 e6 2. d4 d5 3. e5 c5 4. c3 Nc6 5. Be3 cxd4 6. cxd4 Qb6 7. Qd2 Nge7 8. Nf3 Nf5 9. Bd3 Be7 10. Nc3 Nxe3 11. fxe3 Bd7 12. O-O f6 13. Kh1 fxe5 14. dxe5 O-O-O 15. a3 g5 16. Rac1 Kb8 17. b4 Rdf8 18. b5 Na5 19. Na4 Qd8 20. Qc3 b6 21. Rfd1 g4 22. Nd4 Nb7 23. e4 Nc5 24. Nxc5 Bxc5 25. exd5 exd5 26. e6 Bxd4 27. Qxd4 Bxe6 28. Qe5+ 1-0

[Event "Montcalm II 2000-01"]
[Site "Quebec CAN"]
[Date "2000.10.26"]
[Round "2"]
[White "Bourassa, Andre"]
[Black "Pescarus, Dana"]
[Result "0-1"]
[WhiteElo "1580"]
[BlackElo "1629"]
[PlyCount "76"]
[GameId "2160767911635848"]
[EventDate "2000.10.19"]
[EventType "swiss"]
[EventRounds "5"]
[EventCountry "CAN"]

1. d4 d5 2. c4 e6 3. Nf3 c5 4. cxd5 exd5 5. Nc3 Nf6 6. Bg5 Be6 7. e3 c4 8. Be2 Nc6 9. a3 Be7 10. O-O O-O 11. Qc2 Rc8 12. Rad1 a6 13. Ne5 Nd7 14. Bxe7 Qxe7 15. Nxd7 Qxd7 16. Bf3 Ne7 17. Na4 Bf5 18. e4 dxe4 19. Bxe4 Bxe4 20. Qxe4 Qxa4 21. Qxe7 Qb3 22. Qb4 Qxb4 23. axb4 Rfe8 24. Rfe1 f6 25. Kf1 Kf7 26. d5 Rxe1+ 27. Rxe1 Rd8 28. Rd1 Rd6 29. Ke2 Ke7 30. Ke3 Rb6 31. Kd4 Rxb4 32. Rd2 a5 33. Kc5 Kd7 34. Rc2 g6 35. d6 b6+ 36. Kd5 Rb5+ 37. Kxc4 Rc5+ 38. Kb3 a4+ 0-1

[Event "Montcalm II 2000-01"]
[Site "Quebec CAN"]
[Date "2000.10.26"]
[Round "2"]
[White "Caire, Francois"]
[Black "Audet-Bouchard, Nicolas"]
[Result "1/2-1/2"]
[WhiteElo "1910"]
[BlackElo "1839"]
[PlyCount "68"]
[GameId "2160767911635849"]
[EventDate "2000.10.19"]
[EventType "swiss"]
[EventRounds "5"]
[EventCountry "CAN"]

1. d4 Nf6 2. c4 e6 3. Nc3 Bb4 4. Nf3 c5 5. e3 O-O 6. Bd3 d5 7. O-O Nc6 8. a3 Bxc3 9. bxc3 b6 10. a4 Re8 11. Ba3 e5 12. cxd5 Qxd5 13. e4 Qd6 14. dxc5 bxc5 15. Bb5 Qc7 16. Qe2 a6 17. Bc4 Na5 18. Bd3 Bb7 19. Bc2 Rad8 20. Rfd1 c4 21. Nd2 Rd7 22. f3 Red8 23. Bb4 Ne8 24. Kh1 Nd6 25. Nf1 Nb3 26. Bxb3 cxb3 27. Rab1 a5 28. Bxd6 Rxd6 29. Rxd6 Qxd6 30. Qb2 Ba6 31. Qxb3 Qc5 32. Rd1 Rxd1 33. Qxd1 h6 34. Qe1 Bxf1 1/2-1/2

[Event "Montcalm II 2000-01"]
[Site "Quebec CAN"]
[Date "2000.10.26"]
[Round "2"]
[White "Fecteau, Martin"]
[Black "L'Heureux, Clement"]
[Result "1/2-1/2"]
[WhiteElo "1969"]
[BlackElo "1906"]
[PlyCount "107"]
[GameId "2160767911635850"]
[EventDate "2000.10.19"]
[EventType "swiss"]
[EventRounds "5"]
[EventCountry "CAN"]

1. d4 Nf6 2. c4 c5 3. d5 e6 4. Nc3 exd5 5. cxd5 d6 6. e4 g6 7. f4 Bg7 8. Nf3 O-O 9. Be2 Re8 10. Nd2 a6 11. a4 Nbd7 12. O-O Qc7 13. Bf3 Rb8 14. a5 c4 15. Qa4 b5 16. axb6 Qc5+ 17. Kh1 Nxb6 18. Qc2 Bb7 19. Na4 Nxa4 20. Rxa4 Qb5 21. Rxc4 Rbc8 22. b3 Nd7 23. Ba3 Nb6 24. Rc7 Na8 25. Rxc8 Rxc8 26. Nc4 Nb6 27. Rc1 Nxc4 28. bxc4 Qb6 29. Rb1 Qc7 30. Be2 f5 31. Qb3 Ba8 32. exf5 Qe7 33. Qd3 gxf5 34. Qxf5 Re8 35. Bf1 Bb7 36. h3 Bc8 37. Qd3 Qf7 38. Qd2 Bh6 39. Re1 Rxe1 40. Qxe1 Qxf4 41. Qe8+ Bf8 42. Bd3 Bxh3 43. Bxh7+ Kxh7 44. Qh5+ Kg8 45. Qxh3 Qe5 46. Qe6+ Qxe6 47. dxe6 Kg7 48. Kg1 Kf6 49. Kf2 Kxe6 50. Ke3 Bg7 51. Ke4 a5 52. c5 dxc5 53. Bxc5 a4 54. Bd4 1/2-1/2

[Event "Montcalm II 2000-01"]
[Site "Quebec CAN"]
[Date "2000.10.26"]
[Round "2"]
[White "Grant, James"]
[Black "Filion, Rene"]
[Result "0-1"]
[WhiteElo "1432"]
[BlackElo "1405"]
[PlyCount "56"]
[GameId "2160767911635851"]
[EventDate "2000.10.19"]
[EventType "swiss"]
[EventRounds "5"]
[EventCountry "CAN"]

1. d4 Nf6 2. c4 g6 3. Nc3 Bg7 4. e4 d6 5. Nf3 O-O 6. Be2 e5 7. d5 Nbd7 8. Qc2 Ne8 9. O-O f5 10. Bg5 Ndf6 11. b4 h6 12. Bxf6 Qxf6 13. c5 g5 14. Rab1 g4 15. Nd2 f4 16. f3 h5 17. Qd1 g3 18. hxg3 fxg3 19. Re1 Qh4 20. Nf1 Bh6 21. Bc4 Nf6 22. Qd3 Nh7 23. Ne2 Bf4 24. cxd6 cxd6 25. b5 Ng5 26. Nxf4 Rxf4 27. Ne3 Nxf3+ 28. Kf1 Nd4+ 0-1

[Event "Montcalm II 2000-01"]
[Site "Quebec CAN"]
[Date "2000.10.26"]
[Round "2"]
[White "Leroux, Alexis"]
[Black "Latulippe, Jacques"]
[Result "1-0"]
[WhiteElo "1326"]
[BlackElo "1230"]
[PlyCount "53"]
[GameId "2160767911635852"]
[EventDate "2000.10.19"]
[EventType "swiss"]
[EventRounds "5"]
[EventCountry "CAN"]

1. e4 e5 2. Nf3 d6 3. Bc4 Nf6 4. Ng5 d5 5. exd5 Nxd5 6. d4 Be7 7. Nxf7 Kxf7 8. Qf3+ Ke6 9. Nc3 c6 10. Qe4 Bf6 11. f4 Re8 12. dxe5 b5 13. Nxd5 cxd5 14. Bxd5+ Qxd5 15. f5+ Kd7 16. Qxd5+ Kc7 17. Qd6+ Kb7 18. e6 g6 19. O-O gxf5 20. Qd5+ Nc6 21. Qxb5+ Kc7 22. Bf4+ Be5 23. Bxe5+ Nxe5 24. Qxe8 Bb7 25. Qe7+ Kb6 26. Rxf5 Ng4 27. Qc5+ 1-0

[Event "Montcalm II 2000-01"]
[Site "Quebec CAN"]
[Date "2000.10.26"]
[Round "2"]
[White "Malenfant, Eric"]
[Black "Leblanc, David"]
[Result "1-0"]
[WhiteElo "1393"]
[BlackElo "1224"]
[PlyCount "73"]
[GameId "2160767911635853"]
[EventDate "2000.10.19"]
[EventType "swiss"]
[EventRounds "5"]
[EventCountry "CAN"]

1. e4 c5 2. c3 Nc6 3. d4 e6 4. d5 exd5 5. exd5 Ne5 6. Be2 Nf6 7. c4 d6 8. Nc3 Bf5 9. f4 Ng6 10. Nf3 Ne4 11. Nxe4 Bxe4 12. O-O Be7 13. Qa4+ Qd7 14. Qxd7+ Kxd7 15. Nd2 Bf5 16. Nf3 Rae8 17. Bd2 Bf6 18. Rae1 Bxb2 19. Bd1 Re4 20. Bc2 Rhe8 21. Ba4+ Kd8 22. Bxe8 Kxe8 23. Rxe4+ Bxe4 24. Re1 f5 25. g4 Kf7 26. Ng5+ Kg8 27. Nxe4 Bd4+ 28. Kh1 fxe4 29. Rxe4 a6 30. a4 Kf7 31. Kg2 Kf6 32. Re6+ Kf7 33. Kg3 Nf8 34. Rxd6 Bf6 35. Rb6 Bd8 36. Rxb7+ Kg8 37. Ra7 1-0

[Event "Montcalm II 2000-01"]
[Site "Quebec CAN"]
[Date "2000.10.26"]
[Round "2"]
[White "Moisan, Francois"]
[Black "Glode, Martin"]
[Result "1/2-1/2"]
[WhiteElo "1823"]
[BlackElo "1820"]
[PlyCount "79"]
[GameId "2160767911635854"]
[EventDate "2000.10.19"]
[EventType "swiss"]
[EventRounds "5"]
[EventCountry "CAN"]

1. e4 e6 2. d4 d5 3. Nd2 dxe4 4. Nxe4 Bd7 5. Nf3 Bc6 6. Bd3 Nd7 7. Qe2 Ngf6 8. Bf4 Nxe4 9. Bxe4 Bxe4 10. Qxe4 c6 11. O-O Nf6 12. Qe2 Bd6 13. Ne5 O-O 14. c4 Qe7 15. Rad1 Rfe8 16. Bg5 Qd8 17. Rd3 Be7 18. Bd2 Qc7 19. Bc3 Rad8 20. Rfd1 Nd7 21. Ng4 Nf6 22. Ne5 Nd7 23. Ng4 Nf6 24. d5 Nxg4 25. Qxg4 e5 26. Qe4 f6 27. Rh3 h6 28. Rdd3 Bf8 29. Qg6 Qf7 30. Rxh6 Qxg6 31. Rxg6 Kf7 32. Rgg3 cxd5 33. cxd5 Bd6 34. Rh3 Re7 35. a3 Red7 36. Rd1 Bc5 37. Kf1 Rxd5 38. Rxd5 Rxd5 39. Ke2 Ke6 40. Rh7 1/2-1/2

[Event "Montcalm II 2000-01"]
[Site "Quebec CAN"]
[Date "2000.10.26"]
[Round "2"]
[White "Nadon, Guy"]
[Black "Bourassa, Real"]
[Result "0-1"]
[WhiteElo "1182"]
[BlackElo "1224"]
[PlyCount "68"]
[GameId "2160767911635856"]
[EventDate "2000.10.19"]
[EventType "swiss"]
[EventRounds "5"]
[EventCountry "CAN"]

1. d4 d5 2. c4 Nf6 3. Nc3 e6 4. e3 Bb4 5. Nf3 Ne4 6. Bd2 Bxc3 7. bxc3 O-O 8. Bd3 Nxd2 9. Qxd2 c6 10. Rb1 Nd7 11. Qc2 f5 12. cxd5 cxd5 13. h4 Nb6 14. Ne5 Nd7 15. Nf3 Nf6 16. Ne5 Qc7 17. h5 Ne4 18. Bxe4 fxe4 19. h6 gxh6 20. Ng4 Kh8 21. Nxh6 Qg7 22. Rh2 Rf6 23. Ng4 Qxg4 24. Qe2 Qxe2+ 25. Kxe2 b6 26. Rbh1 Rf7 27. f4 exf3+ 28. gxf3 Ba6+ 29. Kf2 Rg8 30. Rh6 Rfg7 31. Ke1 Rg1+ 32. Rxg1 Rxg1+ 33. Kf2 Rg6 34. Rh5 Bd3 0-1

[Event "Montcalm II 2000-01"]
[Site "Quebec CAN"]
[Date "2000.10.26"]
[Round "2"]
[White "Ouellet, Philippe"]
[Black "Heilmann, Uwe"]
[Result "1-0"]
[WhiteElo "1490"]
[BlackElo "1308"]
[PlyCount "53"]
[GameId "2160767911635857"]
[EventDate "2000.10.19"]
[EventType "swiss"]
[EventRounds "5"]
[EventCountry "CAN"]

1. d4 d5 2. Nf3 b6 3. Bf4 Bb7 4. e3 Nd7 5. Bd3 Ngf6 6. Qe2 e6 7. Nbd2 Nh5 8. Be5 Nhf6 9. h3 Bb4 10. c3 Be7 11. Bh2 Ne4 12. Ne5 Nxe5 13. Bxe5 Bf6 14. Bh2 Be7 15. Nf3 c5 16. Bb5+ Kf8 17. Ne5 Nf6 18. O-O Rc8 19. f4 Bd6 20. f5 Ke7 21. fxe6 Kxe6 22. Qf2 Ke7 23. Kh1 a6 24. Ba4 Rc7 25. Qh4 b5 26. Bc2 Qg8 27. Rf3 1-0

[Event "Montcalm II 2000-01"]
[Site "Quebec CAN"]
[Date "2000.10.26"]
[Round "2"]
[White "Poitras, Marc"]
[Black "Desrochers, Louis-David"]
[Result "1-0"]
[WhiteElo "1109"]
[BlackElo "1149"]
[PlyCount "53"]
[GameId "2160767911635858"]
[EventDate "2000.10.19"]
[EventType "swiss"]
[EventRounds "5"]
[EventCountry "CAN"]

1. e4 c5 2. Nf3 d6 3. d4 cxd4 4. Nxd4 Nf6 5. Nc3 a6 6. Be3 e5 7. Nf3 Be7 8. Bc4 O-O 9. O-O b5 10. Bd5 Nxd5 11. Qxd5 Bb7 12. Qxb7 Nd7 13. Nd5 Re8 14. Qc7 Nf6 15. Nxe7+ Qxe7 16. Qxe7 Rxe7 17. Bg5 Rc7 18. Bxf6 gxf6 19. c3 Kf8 20. Rfd1 Ke7 21. Nh4 Ke6 22. Nf5 Rd7 23. Rd3 Rad8 24. Rad1 a5 25. Rd5 a4 26. g4 Rc7 27. Rxd6+ 1-0

[Event "Montcalm II 2000-01"]
[Site "Quebec CAN"]
[Date "2000.10.26"]
[Round "2"]
[White "Saint-Onge, Roland"]
[Black "Hebert, Marc"]
[Result "1-0"]
[WhiteElo "1802"]
[BlackElo "1704"]
[PlyCount "83"]
[GameId "2160767911635860"]
[EventDate "2000.10.19"]
[EventType "swiss"]
[EventRounds "5"]
[EventCountry "CAN"]

1. e4 e5 2. Nf3 Nc6 3. Bb5 Bc5 4. O-O Nd4 5. Nxd4 Bxd4 6. c3 Bb6 7. Qh5 Qe7 8. b3 c6 9. Ba3 d6 10. Bc4 g6 11. Qd1 Nf6 12. d4 O-O 13. dxe5 Ng4 14. Qxd6 Qxd6 15. exd6 Be6 16. h3 Ne5 17. Be2 f5 18. Nd2 fxe4 19. Nxe4 Rf4 20. Ng5 Bd7 21. c4 Bd4 22. Rad1 c5 23. Bc1 Rf6 24. Ne4 Re6 25. Be3 Nf7 26. Bxd4 Rxe4 27. Be3 Re5 28. Bf3 Rb8 29. Rd2 b6 30. Rfd1 h5 31. Bf4 Rf5 32. Bg3 Kg7 33. Re1 Ng5 34. Bd5 Rd8 35. Bh4 Kh6 36. f3 Rf4 37. Bg3 Rff8 38. Re7 a5 39. h4 Nh7 40. Be5 Nf6 41. Bf7 Ng8 42. Bf4+ 1-0

[Event "Montcalm II 2000-01"]
[Site "Quebec CAN"]
[Date "2000.10.26"]
[Round "2"]
[White "Sauve, Richard"]
[Black "Lessard, Claude"]
[Result "1-0"]
[WhiteElo "1848"]
[BlackElo "1969"]
[PlyCount "67"]
[GameId "2160767911635861"]
[EventDate "2000.10.19"]
[EventType "swiss"]
[EventRounds "5"]
[EventCountry "CAN"]

1. d4 c5 2. d5 e6 3. c4 b5 4. cxb5 Nf6 5. Nc3 Qa5 6. dxe6 fxe6 7. Nf3 d5 8. e3 Be7 9. Bd3 O-O 10. O-O Qc7 11. e4 d4 12. Ne2 Nbd7 13. Qb3 Kh8 14. Qxe6 Nb6 15. Bf4 Bxe6 16. Bxc7 c4 17. Nexd4 Bg8 18. Bc2 Bc5 19. a4 Rac8 20. Be5 Ng4 21. Bg3 Rfe8 22. a5 Nd7 23. Rad1 Nde5 24. h3 Nxf3+ 25. Nxf3 Nh6 26. Nd4 Nf7 27. Nf5 Rcd8 28. Rxd8 Nxd8 29. Rd1 Ne6 30. Bd6 Bxd6 31. Rxd6 Nc5 32. f3 Be6 33. Nd4 Bc8 34. a6 1-0

[Event "Montcalm II 2000-01"]
[Site "Quebec CAN"]
[Date "2000.11.02"]
[Round "3"]
[White "Angers, Gilles"]
[Black "Fecteau, Martin"]
[Result "1/2-1/2"]
[WhiteElo "1975"]
[BlackElo "1969"]
[PlyCount "117"]
[GameId "2160767911635862"]
[EventDate "2000.10.19"]
[EventType "swiss"]
[EventRounds "5"]
[EventCountry "CAN"]

1. e4 c5 2. Nc3 d6 3. g3 Nc6 4. Bg2 g6 5. f4 Bg7 6. d3 e6 7. Nf3 Nge7 8. O-O O-O 9. Be3 Nd4 10. e5 Nef5 11. Bf2 Nxf3+ 12. Qxf3 Nd4 13. Qd1 dxe5 14. fxe5 Bxe5 15. Ne4 f5 16. Nxc5 Qc7 17. b4 Rb8 18. c3 Nc6 19. d4 Bg7 20. Qb3 Nd8 21. Rfe1 Kh8 22. Nd3 g5 23. Rac1 b6 24. Ne5 Bb7 25. Bxb7 Rxb7 26. Qd1 Nf7 27. Nxf7+ Qxf7 28. Qb3 Re8 29. Re2 Qg6 30. Rce1 Rbe7 31. c4 f4 32. c5 Qf5 33. Qf3 Bf6 34. g4 Qd5 35. Qxd5 exd5 36. Rxe7 Rxe7 37. Rxe7 Bxe7 38. a4 Kg7 39. Kf1 Kf6 40. Ke2 Ke6 41. Kd3 Kd7 42. Kc3 Kc6 43. b5+ Kb7 44. c6+ Kc7 45. Kb3 a5 46. Kc2 Ba3 47. Kd2 Kd6 48. Kc2 Ke7 49. Kd2 Bd6 50. h3 Kf6 51. Kd3 Kg6 52. Be1 Bc7 53. Bf2 h5 54. Ke2 h4 55. Kf3 Kf6 56. Be1 Ke7 57. Bf2 Bd6 58. Ke2 Ba3 59. Kf3 1/2-1/2

[Event "Montcalm II 2000-01"]
[Site "Quebec CAN"]
[Date "2000.11.02"]
[Round "3"]
[White "Audet-Bouchard, Nicolas"]
[Black "Marquis, Paul"]
[Result "0-1"]
[WhiteElo "1839"]
[BlackElo "1841"]
[PlyCount "80"]
[GameId "2160767911635863"]
[EventDate "2000.10.19"]
[EventType "swiss"]
[EventRounds "5"]
[EventCountry "CAN"]

1. e4 d6 2. d4 Nf6 3. Nc3 g6 4. Be3 Nbd7 5. Qd2 c6 6. f3 b5 7. g4 Qa5 8. a3 Bg7 9. g5 Nh5 10. f4 h6 11. Nge2 Bb7 12. Bg2 c5 13. O-O cxd4 14. Bxd4 hxg5 15. b4 Bxd4+ 16. Qxd4 Qb6 17. Nd5 Bxd5 18. exd5 Nxf4 19. Qxb6 Nxe2+ 20. Kf2 Nxb6 21. Kxe2 Rxh2 22. Kf2 f5 23. Kg3 Rh4 24. Rae1 Kf7 25. Re6 Rd4 26. Rh1 Rh4 27. Rxh4 gxh4+ 28. Kxh4 Rh8+ 29. Kg3 Nc4 30. Re1 Nxa3 31. c3 Rc8 32. Rc1 a5 33. bxa5 b4 34. Ra1 bxc3 35. a6 c2 36. Rc1 Nb1 37. Bf1 Nd2 38. a7 Nxf1+ 39. Rxf1 Ra8 40. Ra1 Rxa7 0-1

[Event "Montcalm II 2000-01"]
[Site "Quebec CAN"]
[Date "2000.11.02"]
[Round "3"]
[White "Beaudoin, Gaetan"]
[Black "Bisson, Real"]
[Result "1-0"]
[WhiteElo "1560"]
[BlackElo "1581"]
[PlyCount "40"]
[GameId "2160767911635864"]
[EventDate "2000.10.19"]
[EventType "swiss"]
[EventRounds "5"]
[EventCountry "CAN"]

1. e4 d5 2. exd5 Nf6 3. d4 e6 4. dxe6 Bxe6 5. Nf3 Bd6 6. Be2 Qe7 7. O-O Nbd7 8. Re1 O-O-O 9. c4 c6 10. Nc3 Rhe8 11. d5 cxd5 12. cxd5 Bg4 13. Nd4 Qe5 14. g3 Qh5 15. f3 Bxg3 16. hxg3 Qh3 17. Bf4 g5 18. Bf1 Qh5 19. Rxe8 Rxe8 20. Bd6 Re3 1-0

[Event "Montcalm II 2000-01"]
[Site "Quebec CAN"]
[Date "2000.11.02"]
[Round "3"]
[White "Cummins, Paul"]
[Black "Bourassa, Andre"]
[Result "1-0"]
[WhiteElo "1599"]
[BlackElo "1580"]
[PlyCount "59"]
[GameId "2160767911635865"]
[EventDate "2000.10.19"]
[EventType "swiss"]
[EventRounds "5"]
[EventCountry "CAN"]

1. e4 c5 2. Nf3 d6 3. d4 cxd4 4. Nxd4 Nf6 5. Nc3 a6 6. Bg5 e5 7. Nb3 Be6 8. Bxf6 gxf6 9. Nd5 Nd7 10. Be2 Rc8 11. Ne3 Nc5 12. Nxc5 Rxc5 13. O-O Qc8 14. c3 f5 15. exf5 Bxf5 16. Nxf5 Qxf5 17. Bg4 Qg6 18. Bh3 Bh6 19. Qa4+ Rc6 20. Qb3 Rc7 21. Qb6 Re7 22. Rad1 O-O 23. Rxd6 f6 24. Rfd1 Qh5 25. Qb3+ Kh8 26. Rd7 Rxd7 27. Rxd7 Bf4 28. Qxb7 Rg8 29. Qb3 Qxh3 30. Qxg8+ 1-0

[Event "Montcalm II 2000-01"]
[Site "Quebec CAN"]
[Date "2000.11.02"]
[Round "3"]
[White "Deschambault, Alexandre"]
[Black "Pilote, Guillaume"]
[Result "1/2-1/2"]
[WhiteElo "1680"]
[BlackElo "1717"]
[PlyCount "62"]
[GameId "2160767911635866"]
[EventDate "2000.10.19"]
[EventType "swiss"]
[EventRounds "5"]
[EventCountry "CAN"]

1. Nf3 Nf6 2. g3 g6 3. Bg2 Bg7 4. d4 O-O 5. c4 c5 6. dxc5 Qa5+ 7. Bd2 Qxc5 8. Qb3 Nc6 9. O-O d6 10. Na3 Rb8 11. Rac1 a6 12. Be3 Qh5 13. Nc2 Be6 14. Qd3 Ng4 15. Ncd4 Nxd4 16. Bxd4 Bf5 17. Qd2 Bxd4 18. Qxd4 e5 19. Qd5 Be6 20. Qxd6 e4 21. h3 Nxf2 22. Rxf2 exf3 23. exf3 Bxh3 24. Bxh3 Qxh3 25. Qf4 Qe6 26. Rd2 Rbd8 27. Rcd1 Rxd2 28. Rxd2 Re8 29. b3 Qe1+ 30. Kg2 Re2+ 31. Rxe2 Qxe2+ 1/2-1/2

[Event "Montcalm II 2000-01"]
[Site "Quebec CAN"]
[Date "2000.11.02"]
[Round "3"]
[White "Durand, Thierry"]
[Black "Vrabie, Vlad"]
[Result "1-0"]
[WhiteElo "1114"]
[BlackElo "1041"]
[PlyCount "28"]
[GameId "2160767911635867"]
[EventDate "2000.10.19"]
[EventType "swiss"]
[EventRounds "5"]
[EventCountry "CAN"]

1. e4 e5 2. Nf3 Nf6 3. Nxe5 Nxe4 4. Qe2 d5 5. d3 Nf6 6. Nc6+ Be7 7. Nxd8 Bg4 8. f3 Bh5 9. Nxb7 O-O 10. Bg5 Re8 11. Kd1 a5 12. Bxf6 Nc6 13. d4 Rab8 14. Nc5 Bg6 1-0

[Event "Montcalm II 2000-01"]
[Site "Quebec CAN"]
[Date "2000.11.02"]
[Round "3"]
[White "Hebert, Marc"]
[Black "Papineau (Granby), Daniel"]
[Result "1/2-1/2"]
[WhiteElo "1704"]
[BlackElo "1919"]
[PlyCount "140"]
[GameId "2160767911635868"]
[EventDate "2000.10.19"]
[EventType "swiss"]
[EventRounds "5"]
[EventCountry "CAN"]

1. d4 Nf6 2. c4 c5 3. e3 g6 4. Nc3 Bg7 5. Bd3 O-O 6. Nf3 Na6 7. O-O d6 8. h3 Bd7 9. Re1 Rb8 10. d5 e6 11. e4 exd5 12. exd5 b5 13. cxb5 Nc7 14. Bc4 Nxb5 15. Bf4 Nxc3 16. bxc3 Bb5 17. Qd3 Bxc4 18. Qxc4 Nh5 19. Bg5 Bf6 20. Bxf6 Qxf6 21. Re3 Rb2 22. Qh4 Qxh4 23. Nxh4 Nf4 24. c4 Rc2 25. Ra3 Rxc4 26. Rxa7 Nxd5 27. Nf3 Nf4 28. Rd7 d5 29. a4 d4 30. a5 Rb4 31. a6 Rbb8 32. a7 Ra8 33. Ne5 Rfe8 34. Nxf7 Kf8 35. Nd6 Re7 36. Rxe7 Kxe7 37. Nc4 Nd5 38. Ra5 Ke6 39. Ra6+ Kf5 40. f3 d3 41. Rd6 Nb4 42. g4+ Kf4 43. Rf6+ Kg5 44. Rf7 Nc6 45. f4+ Kh4 46. Kg2 h6 47. Nd2 Nd4 48. Rd7 Re8 49. Rxd4 Re2+ 50. Kf1 Rxd2 51. Rxd3 Ra2 52. Rd5 Kxh3 53. f5 gxf5 54. gxf5 Rxa7 55. Rxc5 Rf7 56. Kf2 Kg4 57. Kg2 h5 58. Kh2 Kg5 59. Kg3 Rxf5 60. Rxf5+ Kxf5 61. Kh3 Kg5 62. Kg3 h4+ 63. Kh3 Kh5 64. Kh2 Kg4 65. Kg2 h3+ 66. Kh2 Kh4 67. Kh1 Kg3 68. Kg1 Kf3 69. Kh1 Kg3 70. Kg1 h2+ 1/2-1/2